书目信息 |
| 题名: |
导引养生功
|
|
| 作者: | 张广德 著 | |
| 分册: | ||
| 出版信息: | 北京 北京体育大学出版社 1984 |
|
| 页数: | 314页 | |
| 开本: | 19cm | |
| 丛书名: | ||
| 单 册: | ||
| 中图分类: | R247.4 | |
| 科图分类: | ||
| 主题词: | 养生(中医)--气功 | |
| 电子资源: | ||
| ISBN: | 7-81051-635-3 | |
| 000 | 00609nam2 2200217 45 | |
| 001 | 0184009799 | |
| 005 | 20040601103558.5 | |
| 010 | @a7-81051-635-3@dCNY16.00 | |
| 100 | @a19950628d1984 em y0chiy0121 ea | |
| 101 | 0 | @achi |
| 102 | @aCN@b110000 | |
| 105 | @aa z 000yy | |
| 200 | 10 | @a导引养生功@Adao yin yang sheng gong@f张广德著@FZhang Guang De Zhu |
| 210 | @a北京@c北京体育大学出版社@d1984 | |
| 215 | @a314页@c插图@d19cm | |
| 300 | @a导引养生功教学方法 | |
| 606 | @a养生(中医)@x气功 | |
| 690 | @aR247.4@v4 | |
| 701 | 0 | @a张广德@4著 |
| 801 | 2 | @aCN@bNLC@c20040601 |
| 905 | @b334119-123@e122@dR247.4@f5 | |
| 导引养生功/张广德著.-北京:北京体育大学出版社,1984 |
| 314页:插图;19cm |
| 导引养生功教学方法 |
| ISBN 7-81051-635-3:CNY16.00 |
| ● |
| 相关链接 |
|
|
|
|
正题名:导引养生功
索取号:R247.4/122
 
预约/预借
| 序号 | 登录号 | 条形码 | 馆藏地/架位号 | 状态 | 备注 |
| 1 | 0334119 | 203341197 | 教育系资料室/ [索取号:R247.4/122] | 在馆 | |
| 2 | 0334120 | 203341204 | 第三借阅区/ [索取号:R247.4/122] | 在馆 | |
| 3 | 0334121 | 203341213 | 第三借阅区/ [索取号:R247.4/122] | 在馆 | |
| 4 | 0334122 | 203341222 | 教育系资料室/ [索取号:R247.4/122] | 在馆 | |
| 5 | 0334123 | 203341231 | 第二样本阅览室/ [索取号:R247.4/122] | 在馆 |